Oldest and Most Populous Cities (Top 30, With Countries) - Statistics

General Stats
  • This quiz has been taken 32 times
  • The average score is 13 of 30
Answer Stats
Age Country Population City % Correct
before 3000s BC Egypt 21,500,000 Cairo
90%
9000 BC Syria 3,900,000 Damascus
90%
c. 6500 BC Turkey 3,050,000 İzmir
86%
7250 BC Jordan 5,700,000 Amman
83%
6000 BC Iran 15,500,000 Tehran
83%
c. 3000 BC Israel 1,010,000 Jerusalem
79%
5000s BC Bulgaria 1,300,000 Sofia
76%
c. 4700 BC China 7,100,000 Xi'an
76%
c. 3300 BC Armenia 1,500,000 Yerevan
72%
5000 BC Syria 1,940,000 Aleppo
69%
3300 BC Palestine 2,025,000 Gaza
59%
2400s BC Iraq 1,430,000 Mosul
59%
c. 2700 BC Iran 3,250,000 Isfahan
55%
6000 BC Turkey 1,750,000 Adana
48%
5200 BC Turkey 2,125,000 Bursa
45%
2300 BC Iraq 1,120,000 Erbil
41%
3000s BC Turkey 1,700,000 Gaziantep
31%
2070 BC China 2,650,000 Luoyang
31%
c. 3000 BC China 7,550,000 Hong Kong
28%
3000 BC Turkey 1,330,000 Konya
28%
c. 2300s BC Iraq 1,050,000 Kirkuk
17%
c. 2500 BC China 5,400,000 Wenzhou
14%
before 2070 BC China 5,100,000 Zhengzhou
10%
4800 BC China 3,325,000 Ningbo
7%
6500 BC China 1,730,000 Handan
3%
4700 BC China 1,150,000 Chifeng
0%
2000s BC China 1,270,000 Rizhao
0%
c. 4100 BC China 1,490,000 Tai'an
0%
3500 BC China 1,580,000 Xingtai
0%
2500 BC China 1,530,000 Zhangjiakou
0%
No matching quizzes found
Score Distribution
Percent of People with Each Score
Percentile by Number Answered
Your Score History
You have not taken this quiz